000 00288pam a2200133 a 4500
020 _c
041 _h
082 _bKAC
100 _aKACHOLE, D. D./SALUNKHE,
245 _a"LOKASANKHYA AANI VIKAS
260 _bKAILASH PUBLICATION. AURANGABAD
_c2014
300 _a376
930 _a16663
999 _c119262
_d119262